000 00774nam a22002177a 4500
001 56440
003 BD-RjUL
005 20211209080409.0
008 161129s1995 bg ||||| |||| 00| 0 eng d
020 _a9845590722
_c: TK 80.00
035 _a(BD-RjUL)56564
040 _aBD-RjUL
_beng
_cBD-RjUL
041 _aeng
082 _223
_a361.1
_bHIG 1995
245 1 0 _aHighlights of the findings of socio-economic research of BARD 1993-94 & 1994-95 :
_bproceeding of the workshop on the subject held at BARD, Comilla 4-5 October 1995 /
_cMd. Habibullah ... [et al.]
260 _aComilla :
_bBangladesh Academy for Rural Development,
_c1995
300 _a99 p. ;
_c20 cm
650 _asocio-economic problems
_9167877
700 _aHabibullah, Md.
_9167878
942 _2ddc
_cBK
999 _c56440
_d56440